000 00515nam a2200181Ia 4500
005 20250326125455.0
008 250326s9999 xx 000 0 und d
037 _aTextbook
040 _aFMSL
_beng
_cFMSL
041 _aeng
_2eng
084 _aY:4.44 K7
_qFMSL
100 _aVeeraraghavan P V
245 0 _aStatus images in changing India
_cVeeraraghavan P V; Bopegamage A
260 _aBombay
_bBombay, Manaktalas
_c1967
300 _a212p
942 _cTB
_hY:4.44 K7
999 _c1278220
_d1278220